| 000 | 01552cam a22004094a 4500 | ||
|---|---|---|---|
| 001 | 12510134 | ||
| 003 | OSt | ||
| 005 | 20140310184508.0 | ||
| 008 | 010822s2002 nyua b bk 000 0beng | ||
| 010 | _a 2001049508 | ||
| 020 | _a0439577810 | ||
| 040 |
_aDLC _cDLC _dDLC |
||
| 042 |
_apcc _alcac |
||
| 043 | _an-us--- | ||
| 050 | 0 | 0 |
_aML 3930.A5 _b.R93 2002 |
| 100 | 1 |
_aRyan, Pam Muñoz. _96034 |
|
| 245 | 1 | 0 |
_aWhen Marian sang : _bthe true recital of Marian Anderson : the voice of a century / _clibretto by Pam Muñoz Ryan ; staging by Brian Selznick. |
| 250 | _a1st ed. | ||
| 260 |
_aNew York : _bScholastic Inc., _c2002. |
||
| 300 |
_a1 v. (unpaged) : _bcol. ill. ; _c26 cm. |
||
| 521 | _aG5 | ||
| 526 | _c780 | ||
| 600 | 1 | 0 |
_aAnderson, Marian, _d1897-1993 _vJuvenile literature. _929023 |
| 600 | 1 | 1 |
_aAnderson, Marian, _d1897-1993. _929024 |
| 650 | 0 |
_aContraltos _zUnited States _vBiography _vJuvenile literature. _929025 |
|
| 650 | 0 |
_aAfrican American singers _vBiography _vJuvenile literature. _929026 |
|
| 650 | 1 |
_aSingers. _924547 |
|
| 650 | 1 |
_aAfrican Americans _vBiography. _929027 |
|
| 650 | 1 |
_aWomen _vBiography. _929028 |
|
| 700 | 1 |
_aSelznick, Brian, _eill. _929029 |
|
| 856 | 4 | 2 |
_3Publisher description _uhttp://www.loc.gov/catdir/description/schol051/2001049508.html |
| 906 |
_a7 _bcbc _corignew _d1 _eocip _f20 _gy-gencatlg |
||
| 942 |
_2lcc _cBK-SCHOLAS |
||
| 999 |
_c34863 _d34863 |
||